Ptáci /
Uloženo v:
| Hlavní autor: | |
|---|---|
| Další autoři: | , , |
| Médium: | Kniha |
| Jazyk: | Czech |
| Vydáno: |
Praha :
Svojtka & Co.,
2018
|
| Vydání: | První české vydání |
| Témata: | |
| Celkem bylo vypůjčeno: | 13x |
| Tagy: |
Žádné tagy |
| LEADER | 02121nam a2200553 i 4500 | ||
|---|---|---|---|
| 001 | 90301 | ||
| 003 | CZ PrNK | ||
| 005 | 20260421203053.0 | ||
| 007 | ta | ||
| 008 | 180413s2018 xr a b f 001 0 cze | ||
| 015 | |a cnb002992135 | ||
| 999 | |c 90301 |d 90301 | ||
| 020 | |a 9788025623114 |q (vázáno) | ||
| 040 | |a BOA001 |b cze |e rda | ||
| 041 | 1 | |a cze |h fre | |
| 072 | 7 | |a 59 |x Zoologie |2 Konspekt |9 2 | |
| 072 | 7 | |a 0/9-053.2 |x Literatura pro děti a mládež (naučná) |2 Konspekt |9 26 | |
| 080 | |a 598.2 |2 MRF | ||
| 080 | |a 591.5 |2 MRF | ||
| 080 | |a (0.062) |2 MRF | ||
| 080 | |a (0.053.2) |2 MRF | ||
| 100 | 1 | |a Tordjman, Nathalie, |d 1956- |7 mzk2004233176 |4 aut |9 109678 | |
| 240 | 1 | 0 | |a Livre aux oiseaux. |l Česky |
| 245 | 1 | 0 | |a Ptáci / |c Nathalie Tordjman, Judith Gueyfier a Julien Norwood |
| 250 | |a První české vydání | ||
| 264 | 1 | |a Praha : |b Svojtka & Co., |c 2018 | |
| 300 | |a 77 stran : |b barevné ilustrace ; |c 26 cm | ||
| 336 | |a text |b txt |2 rdacontent | ||
| 336 | |a statický obraz |b sti |2 rdacontent | ||
| 337 | |a bez média |b n |2 rdamedia | ||
| 338 | |a svazek |b nc |2 rdacarrier | ||
| 500 | |a "Ilustrace Judith Gueyfier a Julien Norwood"--Obálka | ||
| 500 | |a Z francouzštiny přeložila Kateřina Kyslíková | ||
| 500 | |a Obsahuje rejstřík | ||
| 500 | |a V publikaci uvedeny QR kódy ke stažení ukázek ptačího zpěvu | ||
| 650 | 0 | 7 | |a ptáci |7 ph115956 |2 czenas |
| 650 | 0 | 7 | |a ekologie živočichů |7 ph114419 |2 czenas |
| 650 | 0 | 9 | |a birds |2 eczenas |
| 650 | 0 | 9 | |a animal ecology |2 eczenas |
| 655 | 7 | |a populárně-naučné publikace |7 fd131864 |2 czenas |9 102 | |
| 655 | 7 | |a publikace pro děti |7 fd133156 |2 czenas |9 23 | |
| 655 | 9 | |a popular works |2 eczenas | |
| 655 | 9 | |a children's literature |2 eczenas | |
| 700 | 1 | |a Gueyfier, Judith, |d 1981- |7 xx0223121 |4 ill |9 109679 | |
| 700 | 1 | |a Norwood, Julien, |d 1980- |7 xx0162533 |4 ill |9 109680 | |
| 700 | 1 | |a Kyslíková, Kateřina, |d 1971- |7 xx0194191 |4 trl |9 26520 | |
| 910 | |a UOG502 | ||
| 942 | |2 ddc |c KN | ||
| 993 | |0 0 |1 421180090793 |2 ddc |4 0 |6 598_000000000000000 |7 0 |9 76925 |b 0 |c 90793 |d 2019-03-19 |e 13 |f M |g 598 |h 249.00 |i Koupě |l M |m 9 |r 2025-06-10 |s 2025-05-06 |t 7 |w 2019-03-19 |y KN |z NAUCNA | ||